| 000 | 01158nam a22003497a 4500 | ||
|---|---|---|---|
| 001 | 276 | ||
| 003 | FISKH | ||
| 005 | 20241107112517.0 | ||
| 008 | 230314b cb ||||| |||| 00| 0 eng d | ||
| 010 | _a 81084173 | ||
| 020 | _a9780140312478 | ||
| 040 |
_aDLC _cDLC _dDLC _dFISKH _beng |
||
| 042 | _alcac | ||
| 050 | 0 | 0 |
_aPZ7.A2688 _bMq 1982 |
| 082 | 0 | 0 |
_a428.6 _219 |
| 100 | 1 | _aAhlberg, Allan. | |
| 245 | 1 | 0 |
_aMr. & Mrs. Hay the horse / _cby Allan Ahlberg ; illustrated by Colin McNaughton. |
| 260 |
_aLondon _bPuffin _c1981 |
||
| 300 |
_a11 leaves of plates _bcol. ill. ; _c20 cm. |
||
| 440 | 0 |
_aWacky families ; _v4 |
|
| 505 | _aH | ||
| 520 | _aHenry and Henrietta Hay are embarrassed because their circus performer parents, in contrast to other mothers and fathers, go everywhere happily wearing their horse suit. | ||
| 521 | 8 |
_a500
_bLexile |
|
| 521 | 8 |
_aH
_bRaz-Plus |
|
| 650 | 1 |
_aCircus _xFiction. |
|
| 650 | 1 |
_aEntertainers _xFiction. |
|
| 650 | 1 |
_aParent and child _xFiction. |
|
| 700 | 1 |
_aMcNaughton, Colin, _eill. |
|
| 740 | 0 | _aMr. and Mrs. Hay the horse. | |
| 906 |
_a7 _bcbc _corignew _d3 _eopcn _f19 _gy-gencatlg |
||
| 942 |
_2ddc _cBK _n0 |
||
| 999 |
_c276 _d276 |
||